[Event "CZE-chT2B 1718"]
[Site "Czech Republic"]
[Date "2017.12.17"]
[Round "5.6"]
[White "Kubin, Vladimir"]
[Black "Ta, Van Duy"]
[Result "1/2-1/2"]
[WhiteElo "2032"]
[BlackElo "2059"]
[PlyCount "45"]
[EventDate "2017.10.15"]
[EventType "team-tourn"]
[EventRounds "11"]
[EventCountry "CZE"]
[SourceTitle "EXT 2022"]
[Source "ChessBase"]
[SourceDate "2021.10.06"]
[SourceVersion "1"]
[SourceVersionDate "2021.10.06"]
[SourceQuality "1"]
[WhiteTeam "Mlada Boleslav"]
[BlackTeam "Teplice"]
[WhiteTeamCountry "CZE"]
[BlackTeamCountry "CZE"]

1. Nf3 c5 2. c4 Nf6 3. g3 g6 4. Bg2 Bg7 5. 0-0 0-0 6. Nc3 Nc6 7. d3 d6 8. Bd2 Bd7 9. a3 Rb8 10. Rb1 Qc8 11. Re1 Nd4 12. e3 Nxf3+ 13. Bxf3 Ng4 14. Nd5 Re8 15. Bc3 Ne5 16. Bg2 Bg4 17. f3 Bd7 18. f4 Bg4 19. Qc2 Nf3+ 20. Bxf3 Bxf3 21. Bxg7 Kxg7 22. a4 h5 23. Rf1 1/2-1/2

[Event "CZE-chT2B 1718"]
[Site "Czech Republic"]
[Date "2017.11.05"]
[Round "2.4"]
[White "Ta, Van Duy"]
[Black "Kawulok, Marek"]
[Result "0-1"]
[WhiteElo "2059"]
[BlackElo "2172"]
[PlyCount "68"]
[EventDate "2017.10.15"]
[EventType "team-tourn"]
[EventRounds "11"]
[EventCountry "CZE"]
[SourceTitle "EXT 2022"]
[Source "ChessBase"]
[SourceDate "2021.10.06"]
[SourceVersion "1"]
[SourceVersionDate "2021.10.06"]
[SourceQuality "1"]
[WhiteTeam "Teplice"]
[BlackTeam "Neratovice III"]
[WhiteTeamCountry "CZE"]
[BlackTeamCountry "CZE"]

1. e4 e5 2. Nf3 Nc6 3. Bb5 a6 4. Ba4 Nf6 5. 0-0 Be7 6. Re1 b5 7. Bb3 0-0 8. d3 d6 9. c3 Na5 10. Bc2 c5 11. Nbd2 Qc7 12. Nf1 Nc6 13. h3 Bd7 14. Bg5 Ne8 15. Ne3 Bxg5 16. Nxg5 Ne7 17. Bb3 Nf6 18. Qc2 h6 19. Nf3 Ng6 20. Rad1 Nf4 21. a3 Rfe8 22. Nh2 Qc8 23. h4 Bc6 24. Nf5 c4 25. Nxd6 cxb3 26. Qxb3 Qe6 27. Qb4 Red8 28. Nf5 Nxd3 29. Qa5 Nxe4 30. Ne3 Nexf2 31. Rd2 Ne4 32. Rdd1 Rd6 33. Re2 Nf4 34. Rxd6 Nxe2+ 0-1

[Event "CZE-chT2B 1617"]
[Site "Czech Republic"]
[Date "2017.02.12"]
[Round "8.4"]
[White "Pavelka, Hubert Jan"]
[Black "Ta, Van Duy"]
[Result "0-1"]
[WhiteElo "1888"]
[BlackElo "2089"]
[PlyCount "52"]
[EventDate "2016.10.09"]
[EventType "team-tourn"]
[EventRounds "11"]
[EventCountry "CZE"]
[SourceTitle "EXT 2022"]
[Source "ChessBase"]
[SourceDate "2021.10.06"]
[SourceVersion "1"]
[SourceVersionDate "2021.10.06"]
[SourceQuality "1"]
[WhiteTeam "Usti nad Labem"]
[BlackTeam "Teplice"]
[WhiteTeamCountry "CZE"]
[BlackTeamCountry "CZE"]

1. Nf3 Nf6 2. g3 g6 3. Bg2 Bg7 4. c4 d6 5. Nc3 0-0 6. 0-0 c6 7. d4 Qa5 8. Qc2 Nbd7 9. b3 Rb8 10. Bd2 Qh5 11. Rfe1 e5 12. dxe5 dxe5 13. Ng5 Nc5 14. Bf3 Bg4 15. Be3 Ncd7 16. Bc1 h6 17. Nge4 Bxf3 18. Nxf6+ Nxf6 19. exf3 Qxf3 20. Ba3 Rfe8 21. Qd2 Rbd8 22. Qe3 Qxe3 23. Rxe3 Ng4 24. Re2 e4 25. Rc1 f5 26. Rcc2 Ne5 0-1

[Event "CZE-chT2B 1516"]
[Site "Czech Republic"]
[Date "2016.03.13"]
[Round "9.5"]
[White "Kamenik, Martin"]
[Black "Ta, Van Duy"]
[Result "0-1"]
[WhiteElo "1937"]
[BlackElo "2085"]
[PlyCount "88"]
[EventDate "2015.10.18"]
[EventType "team-tourn"]
[EventRounds "11"]
[EventCountry "CZE"]
[SourceTitle "EXT 2022"]
[Source "ChessBase"]
[SourceDate "2021.10.06"]
[SourceVersion "1"]
[SourceVersionDate "2021.10.06"]
[SourceQuality "1"]
[WhiteTeam "Most Chess"]
[BlackTeam "Teplice"]
[WhiteTeamCountry "CZE"]
[BlackTeamCountry "CZE"]

1. e4 c5 2. f4 Nc6 3. Nf3 g6 4. Nc3 Bg7 5. Bc4 e6 6. 0-0 Nge7 7. e5 d5 8. exd6 Nf5 9. d3 0-0 10. Ne4 Ncd4 11. Nxd4 cxd4 12. Qe2 Bd7 13. g4 Nh6 14. h3 Bc6 15. Bd2 Qh4 16. Qh2 Qd8 17. Rae1 b5 18. Bb3 a5 19. a3 Rc8 20. Bc1 Kh8 21. Rf2 a4 22. Ba2 Bb7 23. Qg3 Qd7 24. Bb1 Bd5 25. Bd2 f5 26. Ng5 Nf7 27. Nf3 Nxd6 28. Bb4 Rfd8 29. g5 Nf7 30. h4 Bf8 31. Bxf8 Rxf8 32. h5 Rg8 33. Rh2 Qb7 34. Ne5 Nxe5 35. Rxe5 Qf7 36. h6 Rgd8 37. Qe1 Qc7 38. Rhe2 Rd6 39. Qb4 Qc5 40. Qe1 Qc6 41. Rxf5 exf5 42. Qf2 Bg8 43. Qe1 Re6 44. Qb4 Rd8 0-1

[Event "CZE-chT2B 1314"]
[Site "Czech Republic"]
[Date "2014.03.23"]
[Round "10.6"]
[White "Ta, Van Duy"]
[Black "Purnoch, Josef"]
[Result "0-1"]
[WhiteElo "1968"]
[BlackElo "2152"]
[PlyCount "72"]
[EventDate "2013.11.03"]
[EventType "team-tourn"]
[EventRounds "11"]
[EventCountry "CZE"]
[SourceTitle "EXT 2015"]
[Source "ChessBase"]
[SourceDate "2014.11.20"]
[SourceVersion "1"]
[SourceVersionDate "2014.11.20"]
[SourceQuality "1"]
[WhiteTeam "Teplice"]
[BlackTeam "Neratovice"]
[WhiteTeamCountry "CZE"]
[BlackTeamCountry "CZE"]

1. e4 c5 2. Nc3 a6 3. Nf3 d6 4. d4 cxd4 5. Nxd4 Nf6 6. Bc4 e6 7. Bb3 b5 8. Be3 Bb7 9. 0-0 Nbd7 10. f4 Nc5 11. e5 Nxb3 12. axb3 Nd5 13. Nxd5 Bxd5 14. c4 bxc4 15. bxc4 Be4 16. b4 Be7 17. exd6 Qxd6 18. c5 Qd7 19. Rc1 Rc8 20. Nb3 Qb7 21. Qe2 0-0 22. Bd2 Rfd8 23. Rf2 Bf6 24. Re1 Bd3 25. Qg4 Qd5 26. Na5 Bd4 27. Be3 Bc3 28. Bd2 Bf5 29. Qxf5 Qxf5 30. Bxc3 Rd3 31. Be5 Qg4 32. Bd6 Rd1 33. Ref1 Rxf1+ 34. Rxf1 Qe2 35. c6 Qe3+ 36. Kh1 Qd3 0-1

[Event "CZE-chT2B 1314"]
[Site "Czech Republic"]
[Date "2014.02.16"]
[Round "8.6"]
[White "Ta, Van Duy"]
[Black "Ksana, Vaclav"]
[Result "1/2-1/2"]
[WhiteElo "1968"]
[BlackElo "2101"]
[PlyCount "36"]
[EventDate "2013.11.03"]
[EventType "team-tourn"]
[EventRounds "11"]
[EventCountry "CZE"]
[SourceTitle "EXT 2015"]
[Source "ChessBase"]
[SourceDate "2014.11.20"]
[SourceVersion "1"]
[SourceVersionDate "2014.11.20"]
[SourceQuality "1"]
[WhiteTeam "Teplice"]
[BlackTeam "Most Chess"]
[WhiteTeamCountry "CZE"]
[BlackTeamCountry "CZE"]

1. e4 d5 2. exd5 Qxd5 3. Nc3 Qa5 4. d4 Nf6 5. Nf3 Bg4 6. h3 Bh5 7. Be2 e6 8. 0-0 c6 9. Ne5 Bxe2 10. Qxe2 Be7 11. Bf4 0-0 12. Rfe1 Nbd7 13. Nc4 Qd8 14. Rad1 Nb6 15. Ne5 Nbd5 16. Nxd5 Nxd5 17. Bd2 Bg5 18. c3 Rc8 1/2-1/2

[Event "Teplice op 8th"]
[Site "Teplice"]
[Date "2013.06.24"]
[Round "9"]
[White "Rubes, Jan"]
[Black "Ta, Van Duy"]
[Result "1-0"]
[WhiteElo "2139"]
[BlackElo "1699"]
[PlyCount "101"]
[EventDate "2013.06.15"]
[EventType "swiss"]
[EventRounds "9"]
[EventCountry "CZE"]
[SourceTitle "CBM 155 Extra"]
[Source "ChessBase"]
[SourceDate "2013.08.26"]
[SourceVersion "1"]
[SourceVersionDate "2013.08.26"]
[SourceQuality "1"]

1. d4 Nf6 2. c4 g6 3. Nc3 Bg7 4. e4 d6 5. Be2 0-0 6. h4 h5 7. Nh3 c5 8. d5 b5 9. cxb5 a6 10. bxa6 Bxa6 11. Ng5 Nbd7 12. Rh3 Qb8 13. Bxa6 Rxa6 14. Qe2 Qa8 15. Nb5 Ra4 16. Ra3 Ng4 17. Qc2 Rxa3 18. Nxa3 Nb6 19. Bd2 c4 20. Nxc4 Nxc4 21. Qxc4 Rc8 22. Qb3 Rb8 23. Qf3 Ne5 24. Qc3 Qa6 25. Qc7 Re8 26. Bc3 Nd3+ 27. Kf1 Nxb2+ 28. Kg1 Nc4 29. Bxg7 Kxg7 30. Rc1 Ne5 31. Qc2 Qb6 32. Rb1 Qd4 33. Qb2 Qxb2 34. Rxb2 Ra8 35. g3 Ra7 36. Kg2 Nc4 37. Re2 Nb6 38. Nf3 Nd7 39. Nd4 Ra4 40. Nc6 Kf8 41. f3 e6 42. dxe6 fxe6 43. Rd2 Nc5 44. Rxd6 Rxa2+ 45. Kh3 Rf2 46. Ne5 Kg7 47. Rc6 Nb3 48. Rxe6 Nd4 49. Rxg6+ Kh7 50. Rg5 Kh6 51. g4 1-0

[Event "Teplice op 8th"]
[Site "Teplice"]
[Date "2013.06.22"]
[Round "8"]
[White "Ta, Van Duy"]
[Black "Babicka, Michal"]
[Result "1-0"]
[WhiteElo "1699"]
[BlackElo "1710"]
[PlyCount "51"]
[EventDate "2013.06.15"]
[EventType "swiss"]
[EventRounds "9"]
[EventCountry "CZE"]
[SourceTitle "CBM 155 Extra"]
[Source "ChessBase"]
[SourceDate "2013.08.26"]
[SourceVersion "1"]
[SourceVersionDate "2013.08.26"]
[SourceQuality "1"]

1. e4 e6 2. d4 d5 3. Nd2 dxe4 4. Nxe4 Bd7 5. c4 Bc6 6. Nc3 Bb4 7. a3 Bxc3+ 8. bxc3 Ne7 9. Nf3 Nd7 10. Bd3 Bxf3 11. Qxf3 b6 12. 0-0 0-0 13. Re1 h6 14. Bf4 Nf6 15. Bxh6 Ng6 16. Bg5 Rc8 17. Bxf6 Qxf6 18. Qxf6 gxf6 19. Bxg6 fxg6 20. Rxe6 Kf7 21. Rae1 g5 22. f3 Kg6 23. d5 Kf5 24. g4+ Kf4 25. R6e4+ Kxf3 26. R1e3# 1-0

[Event "Teplice op 8th"]
[Site "Teplice"]
[Date "2013.06.18"]
[Round "4"]
[White "Ta, Van Duy"]
[Black "Parpel, Petr"]
[Result "1/2-1/2"]
[WhiteElo "1699"]
[BlackElo "1778"]
[PlyCount "66"]
[EventDate "2013.06.15"]
[EventType "swiss"]
[EventRounds "9"]
[EventCountry "CZE"]
[SourceTitle "CBM 155 Extra"]
[Source "ChessBase"]
[SourceDate "2013.08.26"]
[SourceVersion "1"]
[SourceVersionDate "2013.08.26"]
[SourceQuality "1"]

1. e4 c5 2. Nc3 d6 3. f4 Nc6 4. Nf3 e6 5. Bb5 Bd7 6. 0-0 a6 7. Bxc6 Bxc6 8. d3 Nf6 9. Qe1 Be7 10. Qg3 0-0 11. Kh1 Nd7 12. Bd2 f5 13. Rae1 Rf6 14. e5 Rg6 15. Qf2 d5 16. d4 Qb6 17. b3 cxd4 18. Ne2 Bb5 19. Nfxd4 Bxe2 20. Rxe2 Qc7 21. Be3 Nc5 22. Qe1 Ne4 23. Rf3 Bc5 24. a4 Rc8 25. Qa1 Rh6 26. Kg1 Qf7 27. Qe1 Qg6 28. b4 Bxd4 29. Bxd4 Rc4 30. c3 Qe8 31. Qd1 Qc6 32. Qb3 b5 33. axb5 axb5 1/2-1/2

[Event "Teplice op 8th"]
[Site "Teplice"]
[Date "2013.06.15"]
[Round "1"]
[White "Rubes, Jan"]
[Black "Ta, Van Duy"]
[Result "1-0"]
[WhiteElo "2139"]
[BlackElo "1699"]
[PlyCount "67"]
[EventDate "2013.06.15"]
[EventType "swiss"]
[EventRounds "9"]
[EventCountry "CZE"]
[SourceTitle "CBM 155 Extra"]
[Source "ChessBase"]
[SourceDate "2013.08.26"]
[SourceVersion "1"]
[SourceVersionDate "2013.08.26"]
[SourceQuality "1"]

1. e4 c6 2. d3 e5 3. g3 d5 4. Nd2 d4 5. Bg2 Be6 6. Ne2 Bd6 7. 0-0 Qd7 8. f4 Bh3 9. Bxh3 Qxh3 10. Nc4 Qe6 11. Nxe5 Bxe5 12. fxe5 Qxe5 13. Rf5 Qd6 14. Bf4 Qd8 15. Be5 Ne7 16. Rf2 0-0 17. Bxd4 Ng6 18. Qd2 Nd7 19. Qc3 f6 20. Nf4 Nxf4 21. gxf4 Qc7 22. Kh1 Rf7 23. Rg1 Re8 24. Qe1 c5 25. Bc3 Qc6 26. Rfg2 Ree7 27. Qh4 Kh8 28. Rg3 Nf8 29. f5 b5 30. a3 a6 31. R1g2 Ra7 32. Qh6 a5 33. Rxg7 Rxg7 34. Bxf6 1-0

[Event "CZE-chTA U20 1213"]
[Site "Czech Republic"]
[Date "2013.04.14"]
[Round "11.2"]
[White "Ta, Van Duy"]
[Black "Nguyen, Thai Dai Van"]
[Result "1/2-1/2"]
[WhiteElo "2023"]
[BlackElo "2096"]
[PlyCount "64"]
[EventDate "2012.10.06"]
[EventType "team-tourn"]
[EventRounds "11"]
[EventCountry "CZE"]
[SourceTitle "EXT 2015"]
[Source "ChessBase"]
[SourceDate "2014.11.20"]
[SourceVersion "1"]
[SourceVersionDate "2014.11.20"]
[SourceQuality "1"]
[WhiteTeam "Most Chess (U20)"]
[BlackTeam "Frydek Mistek (U20)"]
[WhiteTeamCountry "CZE"]
[BlackTeamCountry "CZE"]

1. e4 e5 2. Nf3 Nf6 3. d4 Nxe4 4. Bd3 d5 5. Nxe5 Nd7 6. Nxd7 Bxd7 7. 0-0 Bd6 8. c4 c6 9. cxd5 cxd5 10. Nc3 Nxc3 11. bxc3 0-0 12. Qh5 f5 13. Bg5 Qc7 14. Rac1 Be6 15. Rfe1 Qf7 16. Qh4 Rfe8 17. Bf4 Bxf4 18. Qxf4 Bd7 19. Re5 Rxe5 20. dxe5 Rc8 21. Qd4 b6 22. Re1 Be6 23. Rb1 g6 24. Rb3 Rc5 25. a4 Qc7 26. f4 Kf7 27. Kf2 Kg8 28. Be2 Kf7 29. g3 Kg8 30. Ke3 Kf7 31. Kd2 Kg8 32. h3 h5 1/2-1/2

[Event "CZE-chTA U20 1213"]
[Site "Czech Republic"]
[Date "2013.04.13"]
[Round "9.2"]
[White "Ta, Van Duy"]
[Black "Marikova, Jana"]
[Result "1/2-1/2"]
[WhiteElo "2023"]
[BlackElo "2002"]
[PlyCount "120"]
[EventDate "2012.10.06"]
[EventType "team-tourn"]
[EventRounds "11"]
[EventCountry "CZE"]
[SourceTitle "EXT 2015"]
[Source "ChessBase"]
[SourceDate "2014.11.20"]
[SourceVersion "1"]
[SourceVersionDate "2014.11.20"]
[SourceQuality "1"]
[WhiteTeam "Most Chess (U20)"]
[BlackTeam "Namest nad Oslavou (U20)"]
[WhiteTeamCountry "CZE"]
[BlackTeamCountry "CZE"]

1. e4 c5 2. Nf3 d6 3. d4 cxd4 4. Nxd4 Nf6 5. Nc3 a6 6. Bc4 e6 7. Bb3 Be7 8. Be3 0-0 9. 0-0 Qc7 10. f4 Nc6 11. f5 e5 12. Nde2 b5 13. Ng3 Bb7 14. Nh5 Na5 15. Nxf6+ Bxf6 16. Nd5 Bxd5 17. Bxd5 Rac8 18. b3 Nc6 19. g4 Qe7 20. Qd2 h6 21. c3 Rc7 22. Rf3 Bg5 23. Raf1 Bxe3+ 24. Qxe3 Qf6 25. Qf2 Ne7 26. c4 Nxd5 27. cxd5 Rfc8 28. Qg3 Rc1 29. h4 Rxf1+ 30. Rxf1 g5 31. fxg6 Qxg6 32. Qf3 b4 33. h5 Qg7 34. Rf2 Rc3 35. Qf5 Rg3+ 36. Rg2 Rxg2+ 37. Kxg2 a5 38. Kf3 Qf8 39. g5 hxg5 40. Qxg5+ Kh7 41. Kg4 Qb8 42. Qf5+ Kg7 43. h6+ Kxh6 44. Qf6+ Kh7 45. Qxf7+ Kh8 46. Kh5 Qc8 47. Qf6+ Kh7 48. Kg5 Qg8+ 49. Kf5 Qc8+ 50. Qe6 Qf8+ 51. Qf6 Qc8+ 52. Kg5 Qg8+ 53. Kh5 Qe8+ 54. Kg5 Qg8+ 55. Kh4 Qb8 56. Qf7+ Kh6 57. Qe7 Kg6 58. Qe6+ Kg7 59. Kh5 Qh8+ 60. Kg5 Qd8+ 1/2-1/2

[Event "CZE-chT2A 1213"]
[Site "Czech Republic"]
[Date "2013.02.17"]
[Round "9.2"]
[White "Palek, Miroslav"]
[Black "Ta, Van Duy"]
[Result "1-0"]
[WhiteElo "2250"]
[BlackElo "2023"]
[PlyCount "53"]
[EventDate "2012.10.14"]
[EventType "team-tourn"]
[EventRounds "11"]
[EventCountry "CZE"]
[SourceTitle "EXT 2015"]
[Source "ChessBase"]
[SourceDate "2014.11.20"]
[SourceVersion "1"]
[SourceVersionDate "2014.11.20"]
[SourceQuality "1"]
[WhiteTeam "Plzen Sokol"]
[BlackTeam "Most Chess II"]
[WhiteTeamCountry "CZE"]
[BlackTeamCountry "CZE"]

1. e4 c5 2. Nf3 Nc6 3. Bb5 Nd4 4. Nxd4 cxd4 5. 0-0 e6 6. d3 Nf6 7. c3 Bc5 8. e5 Nd5 9. Qg4 g6 10. cxd4 Be7 11. Nc3 Nxc3 12. bxc3 Qa5 13. Rb1 a6 14. Bc4 b5 15. Bb3 Qxc3 16. d5 Qxd3 17. Bh6 Qf5 18. Qe2 Qh5 19. Qe3 g5 20. Bg7 Rg8 21. Bf6 Bxf6 22. exf6 Rg6 23. Qe5 Rh6 24. Rbc1 Qg6 25. dxe6 fxe6 26. Bd5 d6 27. Qxd6 1-0

[Event "Teplice op 7th"]
[Site "Teplice"]
[Date "2012.06.23"]
[Round "8"]
[White "Ta, Van Duy"]
[Black "Vlasak, Lukas"]
[Result "0-1"]
[WhiteElo "2026"]
[BlackElo "2247"]
[PlyCount "86"]
[EventDate "2012.06.16"]
[EventType "swiss"]
[EventRounds "9"]
[EventCountry "CZE"]
[SourceTitle "CBM 149 Extra"]
[Source "ChessBase"]
[SourceDate "2012.08.24"]
[SourceVersion "1"]
[SourceVersionDate "2012.08.24"]
[SourceQuality "1"]

1. e4 c5 2. Nc3 d6 3. f4 a6 4. Nf3 Nf6 5. a4 g6 6. Bc4 e6 7. e5 d5 8. Bb3 Nfd7 9. d3 Nc6 10. 0-0 Be7 11. Qe1 f5 12. Bd2 b6 13. Qg3 Bb7 14. Nd1 b5 15. c3 Qb6 16. Kh1 b4 17. cxb4 cxb4 18. Be3 Bc5 19. d4 Nxd4 20. a5 Qa7 21. Bxd4 Bxd4 22. Ng5 Nc5 23. Ba4+ Kf8 24. Qh4 Kg8 25. Nf3 Nxa4 26. Rxa4 Bc5 27. Qf6 Re8 28. b3 Bc8 29. Qh4 Bd7 30. Ra2 Bb5 31. Re1 Be7 32. Qg3 Kg7 33. Rd2 Bc5 34. Nh4 Rhf8 35. Nf3 Rc8 36. Ng5 Qe7 37. Nf2 Ba7 38. Nd1 Rc1 39. h4 Rfc8 40. Kh2 R1c2 41. Nf3 Rxd2 42. Nxd2 Rc2 43. Nf1 d4 0-1

[Event "CZE-chTB U20 1112"]
[Site "Czech Republic"]
[Date "2012.04.15"]
[Round "7.2"]
[White "Sion, David"]
[Black "Ta, Van Duy"]
[Result "1/2-1/2"]
[WhiteElo "1778"]
[BlackElo "2035"]
[PlyCount "119"]
[EventDate "2012.04.13"]
[EventType "team-tourn"]
[EventRounds "7"]
[EventCountry "CZE"]
[SourceTitle "CBM 148 Extra"]
[Source "ChessBase"]
[SourceDate "2012.06.22"]
[SourceVersion "1"]
[SourceVersionDate "2012.06.22"]
[SourceQuality "1"]
[WhiteTeam "Policka"]
[BlackTeam "Most"]
[WhiteTeamCountry "CZE"]
[BlackTeamCountry "CZE"]

1. d4 Nf6 2. Nf3 e6 3. Bg5 d5 4. e3 Nbd7 5. Bd3 b6 6. Ne5 c5 7. c4 cxd4 8. exd4 Bb4+ 9. Bd2 Bxd2+ 10. Qxd2 0-0 11. 0-0 Bb7 12. Qg5 h6 13. Qg3 Rc8 14. Nd2 Qe7 15. a3 Rfd8 16. Rfd1 dxc4 17. Ndxc4 Nh5 18. Qe3 Ndf6 19. Bf1 Nd5 20. Qe1 Nhf6 21. Rac1 Ne8 22. Nf3 Nf4 23. Qe3 Nd5 24. Qe1 Rc7 25. Nce5 Rdc8 26. Qd2 Nd6 27. Bd3 Qf6 28. Rxc7 Rxc7 29. Rc1 Qd8 30. Bb1 Qc8 31. Rxc7 Qxc7 32. h3 Nf6 33. Qc2 Qxc2 34. Bxc2 Bxf3 35. Nxf3 Nc4 36. Bb3 Nxb2 37. Ne5 Ne4 38. d5 Nc5 39. Ba2 Nba4 40. dxe6 Nxe6 41. Bxe6 fxe6 42. Kf1 Nc5 43. Ke2 g5 44. Ke3 Kg7 45. Nc6 a5 46. Kd4 Kf6 47. Nxa5 e5+ 48. Kd5 Nd3 49. Nc4 b5 50. Ne3 Nxf2 51. Kc5 e4 52. Kxb5 Ke5 53. a4 Kd4 54. a5 Kxe3 55. a6 Kd2 56. a7 e3 57. a8Q e2 58. Qa5+ Kd1 59. Qa1+ Kd2 60. Qa5+ 1/2-1/2

[Event "CZE-ch U16"]
[Site "Kouty nad Desnou"]
[Date "2012.03.14"]
[Round "6"]
[White "Ta, Van Duy"]
[Black "Hrdina, Robin"]
[Result "1/2-1/2"]
[WhiteElo "1905"]
[BlackElo "2045"]
[PlyCount "147"]
[EventDate "2012.03.10"]
[EventType "swiss"]
[EventRounds "9"]
[EventCountry "CZE"]
[SourceTitle "EXT 2013"]
[Source "ChessBase"]
[SourceDate "2012.11.22"]
[SourceVersion "1"]
[SourceVersionDate "2012.11.22"]
[SourceQuality "1"]

1. e4 c5 2. Nc3 Nc6 3. f4 g6 4. Nf3 Bg7 5. Bb5 d6 6. Bxc6+ bxc6 7. 0-0 e6 8. d3 Ne7 9. Qe1 0-0 10. Qh4 Rb8 11. Kh1 d5 12. Ng5 h6 13. Nh3 f5 14. e5 Ba6 15. Na4 Rb5 16. b3 Re8 17. c4 Ra5 18. Nb2 Bc8 19. Bd2 Ra6 20. Be3 Qa5 21. Qf2 d4 22. Bd2 Qa3 23. Rfb1 g5 24. g3 g4 25. Ng1 Ng6 26. Ne2 Bf8 27. Qe1 Rd8 28. Qd1 h5 29. Qc2 Rd7 30. Kg2 h4 31. Rh1 h3+ 32. Kf2 Be7 33. Rhb1 Nh8 34. Ng1 Bd8 35. Na4 Ba5 36. Bc1 Qb4 37. Qe2 Qb8 38. Nxc5 Bb6 39. Nxd7 Bxd7 40. b4 Be8 41. c5 Bc7 42. Qc2 Ng6 43. Qc4 Bxe5 44. Qxe6+ Bf7 45. Qxf5 Bg7 46. Rb2 Ra3 47. Re2 Rc3 48. a3 Qb5 49. Rd2 Ne7 50. Qxg4 Rxd3 51. Rxd3 Qxd3 52. Qe2 Qxe2+ 53. Nxe2 d3 54. Rb1 dxe2 55. Kxe2 Ba2 56. Rb2 Bxb2 57. Bxb2 Bd5 58. g4 Kf7 59. f5 Bg2 60. Kd3 Nd5 61. Be5 Ne7 62. Ke3 Nd5+ 63. Kf2 Nf6 64. Kg3 Ne4+ 65. Kh4 Nd2 66. Kg3 Nf1+ 67. Kf2 Nd2 68. Bb2 Nf3 69. Kg3 a6 70. Bc3 Ng5 71. Kf4 Nf3 72. Kg3 Ng5 73. Kf4 Nf3 74. Kg3 1/2-1/2

[Event "CZE-ch U16"]
[Site "Kouty nad Desnou"]
[Date "2012.03.12"]
[Round "4"]
[White "Svoboda, Matej"]
[Black "Ta, Van Duy"]
[Result "0-1"]
[WhiteElo "1966"]
[BlackElo "1905"]
[PlyCount "106"]
[EventDate "2012.03.10"]
[EventType "swiss"]
[EventRounds "9"]
[EventCountry "CZE"]
[SourceTitle "EXT 2013"]
[Source "ChessBase"]
[SourceDate "2012.11.22"]
[SourceVersion "1"]
[SourceVersionDate "2012.11.22"]
[SourceQuality "1"]

1. e4 c5 2. Nf3 d6 3. d4 cxd4 4. Nxd4 Nf6 5. Nc3 a6 6. Be2 e5 7. Nb3 Be7 8. 0-0 Qc7 9. a4 0-0 10. Kh1 Be6 11. f4 Nbd7 12. a5 Rac8 13. f5 Bc4 14. Bd3 d5 15. Bxc4 dxc4 16. Nd2 Bb4 17. Ra4 Bxa5 18. Rxc4 Qb8 19. Nd5 Nxd5 20. exd5 Bxd2 21. Rxc8 Rxc8 22. Qxd2 Qd6 23. b3 b5 24. Bb2 f6 25. Rd1 b4 26. c4 bxc3 27. Bxc3 Nb6 28. h3 Rd8 29. Ba5 Qxd5 30. Qxd5+ Rxd5 31. Ra1 Rb5 32. Bxb6 Rxb6 33. Kg1 Kf7 34. Kf2 Ke7 35. Ke2 Kd7 36. Kd1 Kc7 37. Kc2 Rc6+ 38. Kd3 Kb6 39. Ra4 Rd6+ 40. Kc3 Rc6+ 41. Kd3 Kb5 42. Rh4 h6 43. Rg4 Rc7 44. Kd2 a5 45. Kd3 Rd7+ 46. Kc3 Re7 47. Re4 Rc7+ 48. Kd3 Rd7+ 49. Kc3 Rd4 50. Re3 Rf4 51. g4 Rd4 52. Rg3 Kc5 53. h4 Rf4 0-1

[Event "Teplice op 6th"]
[Site "Teplice"]
[Date "2011.06.13"]
[Round "3"]
[White "Framberk, Jan"]
[Black "Ta, Van Duy"]
[Result "1-0"]
[WhiteElo "2069"]
[BlackElo "1856"]
[PlyCount "57"]
[EventDate "2011.06.11"]
[EventType "swiss"]
[EventRounds "9"]
[EventCountry "CZE"]
[SourceTitle "CBM 142 Extra"]
[Source "ChessBase"]
[SourceDate "2011.06.27"]
[SourceVersion "1"]
[SourceVersionDate "2011.06.27"]
[SourceQuality "1"]

1. e4 c5 2. Nf3 d6 3. c3 Nf6 4. Bc4 e6 5. Qe2 Be7 6. 0-0 0-0 7. Bb3 Nc6 8. d4 cxd4 9. cxd4 d5 10. e5 Ne4 11. Nc3 Nxc3 12. bxc3 Na5 13. Bc2 b5 14. Qd3 g6 15. Bh6 Re8 16. Qxb5 Nc4 17. Ba4 Bd7 18. Qxd7 Qa5 19. Qb5 Rec8 20. Qxa5 Nxa5 21. Rab1 Rc7 22. Rb5 Nc4 23. Rfb1 Nb6 24. Bb3 Rxc3 25. Rc1 Rxc1+ 26. Bxc1 Rc8 27. Bd2 Kg7 28. Kf1 Rc6 29. Ba5 1-0

[Event "Teplice op 6th"]
[Site "Teplice"]
[Date "2011.06.12"]
[Round "2"]
[White "Ta, Van Duy"]
[Black "Kastl, Daniel"]
[Result "1-0"]
[WhiteElo "1856"]
[BlackElo "1639"]
[PlyCount "93"]
[EventDate "2011.06.11"]
[EventType "swiss"]
[EventRounds "9"]
[EventCountry "CZE"]
[SourceTitle "CBM 142 Extra"]
[Source "ChessBase"]
[SourceDate "2011.06.27"]
[SourceVersion "1"]
[SourceVersionDate "2011.06.27"]
[SourceQuality "1"]

1. e4 c6 2. d4 d5 3. e5 Bf5 4. Nf3 e6 5. Be2 Nd7 6. 0-0 Ne7 7. Nbd2 Ng6 8. Nb3 Be7 9. Be3 0-0 10. Ne1 Bg5 11. g4 Be4 12. Bxg5 Qxg5 13. f3 Qe3+ 14. Kh1 Nf4 15. Ng2 Nxg2 16. Kxg2 Bg6 17. c3 h6 18. Qd2 Qxd2 19. Nxd2 f5 20. f4 fxg4 21. Bxg4 Bf5 22. h3 Rf7 23. Rf3 Raf8 24. Raf1 Kh7 25. Kg3 g6 26. c4 Nb6 27. c5 Nd7 28. b4 h5 29. Bxf5 gxf5 30. Kf2 Rg8 31. Rg3 Rfg7 32. Rfg1 Rxg3 33. Rxg3 Rxg3 34. Kxg3 Nf8 35. Nf3 Kh6 36. Ng5 Kg6 37. Kh4 a6 38. a3 Kh6 39. Nf7+ Kg7 40. Nd8 Ng6+ 41. Kg3 h4+ 42. Kf3 Nf8 43. Nxb7 Kf7 44. Nd8+ Ke7 45. Nxc6+ Kd7 46. Nb8+ Kc7 47. Nxa6+ 1-0